000 00274nam a22001217a 4500
008 171023b xxu||||| |||| 00| 0 eng d
041 _aeng
080 _25 ED
_a311
100 _a55
101 _aSTA
245 _aSTATISTICS USING TECHNOLOGY
_cMANN,P,S
942 _2udc
_cBK
999 _c35591
_d35591